English Teams that have won the UCL - Statistics

General Stats
  • This quiz has been taken 46 times
  • The average score is 6 of 6
Answer Stats
UCL Titles Team % Correct
6 Liverpool
100%
1 Manchester City
100%
3 Manchester United
100%
1 Aston Villa
98%
2 Chelsea
95%
2 Nottingham Forest
85%
No matching quizzes found
Score Distribution
Percent of People with Each Score
Percentile by Number Answered
Your Score History
You have not taken this quiz